Statistiques concernant Les plus grandes villes côtières

Cliquez ici pour prendre le quiz!

Statistiques générales

  • Ce quiz a été pris 102 fois
  • Le résultat moyen est 30 sur 44

Statistiques - réponses

PaysPopulationVille% Correct
Japon42.8 MTokyo
100%
États-Unis22.6 MNew York
98%
Corée du Sud26.0 MSéoul
98%
États-Unis18.7 MLos Angeles
97%
Turquie15.1 MIstanbul
96%
Argentine15.1 MBuenos Aires
93%
Indonésie35.1 MJakarta
93%
Philippines28.6 MManille
93%
Espagne5.41 MBarcelone
92%
Chine24.9 MShanghai
92%
Australie5.37 MSydney
92%
Pays-Bas8.37 MAmsterdam - Rotterdam
91%
Japon19.8 MOsaka - Kyoto - Kobé
91%
Brésil12.7 MRio de Janeiro
91%
Algérie7.80 MAlger
89%
Inde24.3 MMumbai
89%
Thaïlande18.9 MBangkok
88%
États-Unis9.67 MSan Francisco - San José
88%
Nigéria22.8 MLagos
86%
Pérou12.1 MLima
86%
États-Unis6.89 MMiami
86%
Singapour8.08 MSingapour
81%
Émirats arabes unis5.43 MDubaï
78%
Russie6.29 MSaint-Pétersbourg
76%
Malaisie8.18 MKuala Lumpur - Port Kelang
71%
Pakistan16.7 MKarachi
70%
Chine7.37 MHong Kong
68%
États-Unis8.29 MBoston
67%
États-Unis9.81 MWashington - Baltimore
64%
Ghana5.39 MAccra
58%
Angola9.17 MLuanda
56%
Sri Lanka6.08 MColombo
51%
Tanzanie5.57 MDar es Salam
51%
États-Unis7.25 MHouston
46%
Corée du Sud8.05 MBusan
44%
Japon11.3 MNagoya
39%
Inde12.9 MChennai
32%
Chine13.9 MTianjin
29%
Indonésie13.3 MSurabaya
27%
Chine13.8 MXiamen - Quanzhou
24%
Chine6.35 MQingdao
16%
Chine14.3 MShantou - Jieyang
6%
Indonésie7.24 MSemarang
4%
Inde5.62 MVisakhapatnam
4%

Distribution des résultats

Percentile par nombre de réponses

% des personnes avec chaque résultat

Votre développement - résultats

Vous n’avez pas pris ce quiz